Padres, madres, hijos : una explicación para comprender, un ensayo para reflexionar /

Збережено в:
Бібліографічні деталі
Автор: Castelain-Meunier, Christine (autor)
Формат: Книга
Мова:Іспанська
Опубліковано: México : Siglo XXI, 2003, c2003
Серія:(Mosaicos)
Предмети:
Теги: Додати тег
Немає тегів, Будьте першим, хто поставить тег для цього запису!

MARC

LEADER 00000nam^a2200000^a^4500
001 000149194
005 20250521000000.0
009 20260310100050.28
020 |a 968-23-2428-9 
037 |a Acervo ITESO - Biblioteca 
041 |a ESP 
082 |a 306. 874  |b CAS 
100 |a Castelain-Meunier, Christine  |e (autor) 
245 1 0 |a Padres, madres, hijos :  |b una explicación para comprender, un ensayo para reflexionar /  |c C. Castelain-Meunier ; tr. por Eliane Cazanave Tapie. 
264 4 |a México :  |b Siglo XXI,  |c 2003, c2003 
300 |a 92 p. 
336 |a texto  |b txt  |2 rdacontenido 
337 |a sin mediación  |b n  |2 rdamedio 
338 |a volumen  |b nc  |2 rdasoporte 
440 1 |a (Mosaicos) 
500 |a Traducción de: Pères, mères, enfants 
649 |a XX 
650 |a Niños 
650 |a Paternidad 
650 |a Relaciones Padres-Hijos 
650 |a Relaciones Familiares 
650 |a Familia 
650 |a Roles 
650 |a Socialización 
650 |a Identidad Personal 
650 |a Personalidad 
650 |a Psicología Evolutiva 
650 |a Sociología 
910 |a Fondo General 
920 |a Impresos - Libros 
930 |a Colección General 
905 |a 101 
901 |a 0500078642  |b IT1  |c ACC  |u 20250521 
902 |a https://opac.biblio.iteso.mx/vufind/Record/000149194